[Event "Niedersachsen-ch op"]
[Site "Verden"]
[Date "2011.01.04"]
[Round "5"]
[White "Bischoff, Norbert"]
[Black "Afken, Jonas"]
[Result "0-1"]
[WhiteElo "1716"]
[BlackElo "1786"]
[PlyCount "95"]
[EventDate "2011.01.02"]
[EventType "swiss"]
[EventRounds "7"]
[EventCountry "GER"]
[SourceTitle "EXT 2018"]
[Source "ChessBase"]
[SourceDate "2017.10.13"]
[SourceVersion "1"]
[SourceVersionDate "2017.10.13"]
[SourceQuality "1"]

1. d4 Nf6 2. Nf3 g6 3. e3 Bg7 4. b3 0-0 5. Bb2 d6 6. Bd3 Nbd7 7. 0-0 Re8 8. Nbd2 e5 9. e4 c6 10. c3 Qc7 11. Rc1 d5 12. Re1 dxe4 13. Nxe4 Nxe4 14. Rxe4 f5 15. Bc4+ Kh8 16. Rh4 Bf6 17. Rh6 e4 18. Qe2 Nb6 19. Re1 Nxc4 20. bxc4 Kg7 21. Bc1 f4 22. g3 e3 23. Rh4 Bxh4 24. Nxh4 exf2+ 25. Qxf2 Rxe1+ 26. Qxe1 fxg3 27. hxg3 Bh3 28. Bf4 Qf7 29. Qe5+ Kg8 30. d5 Re8 31. Qg5 Qg7 32. Bd2 Qf8 33. Bf4 Qc5+ 34. Kh2 Bc8 35. Be5 Qf2+ 36. Ng2 Qf5 37. Qxf5 Bxf5 38. Bd4 cxd5 39. cxd5 Re2 40. Kg1 Rxa2 41. Ne3 Kf7 42. Nc4 Ke7 43. Ne5 a5 44. g4 Be4 45. Bc5+ Ke8 46. c4 a4 47. d6 Bc6 48. Bf2 0-1

[Event "Niedersachsen-ch op"]
[Site "Verden"]
[Date "2011.01.03"]
[Round "3"]
[White "Calder, Dennis"]
[Black "Afken, Jonas"]
[Result "1-0"]
[WhiteElo "1949"]
[BlackElo "1786"]
[PlyCount "63"]
[EventDate "2011.01.02"]
[EventType "swiss"]
[EventRounds "7"]
[EventCountry "GER"]
[SourceTitle "EXT 2018"]
[Source "ChessBase"]
[SourceDate "2017.10.13"]
[SourceVersion "1"]
[SourceVersionDate "2017.10.13"]
[SourceQuality "1"]

1. d4 Nf6 2. c4 g6 3. Nc3 Bg7 4. e4 d6 5. Be2 Nbd7 6. Be3 e5 7. Nf3 0-0 8. b4 exd4 9. Bxd4 c5 10. bxc5 dxc5 11. Be3 Ng4 12. Bd2 Qe7 13. 0-0 b6 14. Nd5 Qd6 15. Bf4 Nge5 16. Qc2 Bb7 17. Rad1 Rad8 18. Bg3 h6 19. Nxe5 Nxe5 20. f4 Nc6 21. e5 Qb8 22. Bh4 Nd4 23. Rxd4 cxd4 24. Bxd8 Rxd8 25. Bf3 Qa8 26. Qe4 Kf8 27. e6 Rc8 28. Re1 Bxd5 29. cxd5 f5 30. e7+ Kg8 31. Qe6+ Kh7 32. e8Q 1-0

[Event "Niedersachsen-ch op"]
[Site "Verden"]
[Date "2011.01.02"]
[Round "2"]
[White "Afken, Jonas"]
[Black "Kessler, Marcel"]
[Result "1/2-1/2"]
[WhiteElo "1786"]
[BlackElo "1945"]
[PlyCount "89"]
[EventDate "2011.01.02"]
[EventType "swiss"]
[EventRounds "7"]
[EventCountry "GER"]
[SourceTitle "EXT 2018"]
[Source "ChessBase"]
[SourceDate "2017.10.13"]
[SourceVersion "1"]
[SourceVersionDate "2017.10.13"]
[SourceQuality "1"]

1. Nf3 Nf6 2. g3 g6 3. Bg2 Bg7 4. 0-0 0-0 5. d3 d5 6. Nbd2 c5 7. e4 Nc6 8. Re1 dxe4 9. dxe4 Nd7 10. c3 Nde5 11. Qe2 Nd3 12. Rd1 Nxc1 13. Raxc1 Qc7 14. Nc4 b6 15. e5 Be6 16. Nfd2 Rad8 17. f4 h6 18. Ne4 Rxd1+ 19. Rxd1 Rd8 20. Rxd8+ Nxd8 21. b3 Bxc4 22. Qxc4 Qd7 23. Bf3 Kf8 24. b4 cxb4 25. cxb4 Nc6 26. Nc3 Qd4+ 27. Qxd4 Nxd4 28. Be4 g5 29. Kf2 f6 30. exf6 Bxf6 31. Nd5 gxf4 32. gxf4 Bg7 33. f5 Be5 34. Ke3 Nb5 35. h3 Nd6 36. Bd3 Kf7 37. Nf4 Kf6 38. Nd5+ Kf7 39. Nf4 Bxf4+ 40. Kxf4 Kf6 41. a4 a5 42. b5 Nb7 43. Bc2 Nc5 44. h4 Nb7 45. Bd3 1/2-1/2

[Event "Niedersachsen-ch U16"]
[Site "Rotenburg/Wuemme"]
[Date "2005.03.20"]
[Round "2"]
[White "Afken, Jonas"]
[Black "Schiborr, Corinna"]
[Result "1-0"]
[WhiteElo "1597"]
[BlackElo "1419"]
[PlyCount "113"]
[EventDate "2005.03.19"]
[EventType "swiss"]
[EventRounds "9"]
[EventCountry "GER"]
[SourceTitle "EXT 2007"]
[Source "ChessBase"]
[SourceDate "2006.11.23"]
[SourceVersion "1"]
[SourceVersionDate "2006.11.23"]
[SourceQuality "1"]

1. Nf3 d5 2. g3 Nf6 3. Bg2 e6 4. 0-0 Be7 5. d3 0-0 6. Nbd2 Nbd7 7. e4 c6 8. Re1 a5 9. Nf1 b5 10. e5 Ne8 11. h4 c5 12. Bh3 h6 13. N3h2 Qb6 14. Qg4 Kh8 15. Qh5 c4 16. Ng4 f6 17. exf6 Ndxf6 18. Nxf6 Bxf6 19. Be3 Qc6 20. dxc4 bxc4 21. c3 Bb7 22. Bg2 Be7 23. Bf4 Rf5 24. Qe2 Rf6 25. Ne3 Bc8 26. Be5 Rf7 27. Nc2 Qb6 28. Nd4 Ra6 29. Bh3 Bf6 30. Qd2 Re7 31. Re2 Bxe5 32. Rxe5 Rf7 33. Rae1 Nc7 34. Qe2 Rf6 35. f4 Kg8 36. Kh2 g6 37. Qd2 a4 38. g4 Rf7 39. g5 h5 40. R1e2 Kg7 41. a3 Qd6 42. Qe3 Qb6 43. Kg3 Qb8 44. Qf2 Qb7 45. Nxe6+ Nxe6 46. Bxe6 Bxe6 47. Rxe6 Rxe6 48. Rxe6 Re7 49. Qd4+ Kh7 50. Rxe7+ Qxe7 51. Qe5 Qd7 52. f5 gxf5 53. Kf4 Kg6 54. Qf6+ Kh7 55. Qxf5+ Qxf5+ 56. Kxf5 Kg7 57. Ke5 1-0

[Event "Niedersachsen-ch U14"]
[Site "Borkum"]
[Date "2004.04.04"]
[Round "2"]
[White "Miclea, Sebastian Marius"]
[Black "Afken, Jonas"]
[Result "1-0"]
[WhiteElo "1561"]
[BlackElo "1483"]
[PlyCount "101"]
[EventDate "2004.04.??"]
[EventType "swiss"]
[EventRounds "9"]
[EventCountry "GER"]
[SourceTitle "EXT 2005"]
[Source "ChessBase"]
[SourceDate "2004.11.15"]
[SourceVersion "1"]
[SourceVersionDate "2004.11.15"]
[SourceQuality "1"]

1. d4 Nf6 2. c4 g6 3. Nc3 Bg7 4. e4 d6 5. f3 Nbd7 6. Be3 0-0 7. Qd2 e5 8. d5 Re8 9. g4 Qe7 10. Nge2 Nb6 11. Ng3 Nfd7 12. h4 f6 13. Bh6 Bxh6 14. Qxh6 Qg7 15. Qxg7+ Kxg7 16. Nb5 Re7 17. Nxc7 Rb8 18. Nb5 a6 19. Nxd6 Nf8 20. Nxc8 Rxc8 21. b3 Rec7 22. Kd2 a5 23. Be2 a4 24. Ke3 Nbd7 25. b4 b6 26. Nf1 Nb8 27. a3 Nfd7 28. Nd2 Kf7 29. Nb1 Ra7 30. Nc3 Ke7 31. Nb5 Ra6 32. Rhc1 Ra8 33. d6+ Kf8 34. Nc7 Ra7 35. c5 bxc5 36. bxc5 Raxc7 37. dxc7 Rxc7 38. Rab1 Nc6 39. Bb5 Nd4 40. Bxd7 Rxd7 41. Rb8+ Ke7 42. c6 Rc7 43. Rb7 Kd6 44. Rxc7 Kxc7 45. Rc4 Nxc6 46. Rxa4 Kb7 47. Kd3 Nd4 48. Rxd4 exd4 49. Kxd4 Kc6 50. f4 h6 51. e5 1-0